02184nam#a2200241 45000010014000000030004000140050017000180060019000350070015000540080041000690200018001100400018001281000034001462450053001802500018002332600013002512640048002643000022003123360026003343370026003605201505003868560051018919786071520395VST20250425090631.0m o d cr#un#---uucau230410s2023 MEX d a9786071520395 aVSTcVSTdVST1 aWilliam P. Cunninghameauthor10aPrincipios de ciencias ambientales, 10th Edition atenth edition aMexico : 1aMexico :bMcGraw-Hill Interamericana,c2023 a1 online resource atextbtxt2rdacontent acomputerbc2rdamedia aEl estudio de las ciencias ambientales implica el examen de los retos críticos del cambio climático, la pérdida de la biodiversidad, la protección del agua potable, el crecimiento de la población, los sistemas alimentarios sostenibles y muchas otras preocupaciones. Ningún otro libro en el campo aborda la naturaleza polifacética de las cuestiones ambientales, como la política climática, la sostenibilidad o el cambio de la población, con la minuciosidad de este libro. No sólo abordamos el cambio climático, sino también la naturaleza de los sistemas climáticos y meteorológicos que influyen en nuestra experiencia cotidiana de las condiciones climáticas. Exploramos tanto la escasez de alimentos como las nuevas causas del hambre -como los conflictos políticos, los biocombustibles y el comercio mundial de productos básicos-, así como la relación entre la inseguridad alimenticia y la creciente pandemia de enfermedades relacionadas con la obesidad. En estos y en otros ejemplos, este libro es líder en la cobertura en profundidad de temas clave. Este libro integra una serie de oportunidades de aprendizaje -ejercicios de Aprendizaje activo, preguntas de Pensamiento crítico y discusión, y ejercicios de Análisis de datos- que estimulan a los estudiantes a pensar por sí mismos. Los datos y las interpretaciones no se presentan como verdades inmutables, sino como pruebas que deben examinarse y comprobarse, como debería ser en el mundo real.40uhttps://resolver.vitalsource.com/9786071520395